| 000 | 01093nam a2200217Ia 4500 | ||
|---|---|---|---|
| 001 | 19361 | ||
| 003 | GE_BSU | ||
| 008 | 181216s||||||||xx |||||||||||||| ||und|| | ||
| 040 | _cGE_BSU | ||
| 080 | _a624.15 | ||
| 100 | _aქიქავა თ; გოგელია კ. | ||
| 245 | _aსამოქალაქო და სამრეწველო ნაგებობათა ფუძე-საძირკვლების დაპროექტება და გაანგარიშება | ||
| 245 | _bმეთოდური სახელმძღვანელო | ||
| 260 | _aბათუმი. | ||
| 260 | _bშოთა რუსთაველის სახელმწ. უნ-ტი | ||
| 260 | _c2010 | ||
| 300 | _a60გვ; ცხრ;19სმ; | ||
| 653 | _aინჟინერია | ||
| 653 | _aსამოქალაქო და სამრეწველო ნაგებობათა ფუძე-საძირკვლების დაპროექტება და გაანგარიშება | ||
| 942 | _cBK | ||
| 999 |
_c52343 _d52343 |
||